[Event "WYb12"]
[Site "Heraklio GRE"]
[Date "2002.11.24"]
[Round "11"]
[White "Mingachev,M"]
[Black "Sai,S"]
[Result "0-1"]
[WhiteElo "2207"]
[BlackElo "2151"]

1.d4 Nf6 2.c4 g6 3.Nc3 d5 4.cxd5 Nxd5 5.e4 Nxc3 6.bxc3 Bg7 7.Be3 c5 8.Bb5+ Bd7
9.Bxd7+ Qxd7 10.Nf3 O-O 11.O-O cxd4 12.cxd4 e6 13.Rb1 Nc6 14.d5 exd5 15.Qxd5 Rfd8
16.Qb5 b6 17.Bg5 Rdc8 18.Rfd1 Qe6 19.Qd5 h6 20.Qxe6 fxe6 21.Bf4 Rd8 22.Kf1 Rxd1+
23.Rxd1 Rd8 24.Rxd8+ Nxd8 25.Bd6 Nc6 26.Ke2 Kf7 27.Kd3 b5 28.e5 a6 29.Kc3 Ke8
30.Kb3 Kd7 31.Kc3 Na5 32.Nd2 Nb7 33.Kb4 Kc6 34.Nb3 Kb6 35.Bb8 Bf8+ 36.Kc3 Bc5
37.Nxc5 Kxc5 38.f3 Kd5 39.Bc7 a5 40.a3 Kc5 41.h4 h5 42.g4 b4+ 43.axb4+ axb4+
44.Kb3 Kb5 45.gxh5 gxh5 46.f4 Nc5+ 47.Ka2 Kc4 48.Bd6 Ne4 49.Kb2 Ng3 50.Be7 Nf5
51.Bd8 b3 52.Bg5 Nd4 53.Bd8 Kd3 54.Bb6 Nf5 55.Bd8 Ke4 56.Kxb3 Kxf4 57.Kc4 Kxe5
58.Kd3 Kf4 59.Bf6 e5 60.Ke2 e4 61.Bd8 e3 62.Bg5+ Ke4 63.Bd8 Ng3+ 64.Ke1 Kf3
65.Bb6 Ne4 66.Bd4 Nf2 67.Kf1 e2+  0-1

[Event "Hotel Opatija GM Nov"]
[Site "Rijeka CRO"]
[Date "2002.11.26"]
[Round "6"]
[White "Saric,Ib"]
[Black "Fercec,N"]
[Result "1/2-1/2"]
[WhiteElo "2384"]
[BlackElo "2504"]

1.d4 Nf6 2.c4 g6 3.Nc3 d5 4.cxd5 Nxd5 5.e4 Nxc3 6.bxc3 Bg7 7.Bc4 c5 8.Ne2 O-O
9.Be3 Nc6 10.O-O Bg4 11.f3 Bd7 12.Rb1 Rc8 13.Bd3 Qc7 14.f4 e6 15.dxc5 Rfd8
16.e5 Bf8 17.Ng3 Ne7 18.Ne4 Nf5 19.Bf2 Bc6 20.Nd6 Rb8 21.g4 Nxd6 22.cxd6 Qa5
23.c4 Bh6 24.Bd4 b5 25.cxb5 Ba8 26.Qe2 a6 27.f5 Qa4 28.Qf2 axb5 29.Bc2 Qc4
30.fxg6 fxg6 31.Bb3 Qc6 32.Bxe6+ Kh8 33.Bd5 Qxd5 34.e6+ Bg7 35.Bxg7+ Kxg7
36.Qf6+ Kg8 37.Qf7+  1/2-1/2

[Event "CXSP"]
[Site "Sao Paulo BRA"]
[Date "2002.11.26"]
[Round "2"]
[White "De Souza,M"]
[Black "Neubauer,M"]
[Result "1-0"]
[WhiteElo "2343"]
[BlackElo "2388"]

1.d4 Nf6 2.c4 g6 3.Nc3 d5 4.cxd5 Nxd5 5.e4 Nxc3 6.bxc3 Bg7 7.Be3 c5 8.Qd2 Qa5
9.Rb1 a6 10.Nf3 Nc6 11.Rc1 cxd4 12.cxd4 Qxd2+ 13.Kxd2 f5 14.Bd3 O-O 15.d5 Nb4
16.Bc4 fxe4 17.Ng5 b5 18.Bb3 Rd8 19.d6+ e6 20.Rxc8 Raxc8 21.Bxe6+ Kf8 22.Bxc8 Rxc8
23.d7 Rc2+ 24.Kd1 Ke7 25.a3 Kxd7 26.axb4 Rb2 27.Nxe4 Rxb4 28.Nd2 a5 29.Kc2 Rb2+
30.Kd3 a4 31.Rb1 Rxb1 32.Nxb1 Kc6 33.Bd4 Bf8 34.Nc3 h5 35.h3 Be7 36.Na2 Kd5
37.Bc3 Bd6 38.Bb4 Be5 39.Nc3+ Kc6 40.Ne2 Kd5 41.f3 g5 42.Be7 g4 43.fxg4 hxg4
44.hxg4 Ke6 45.Bb4 Kd5 46.Nc3+ Kc6 47.g5 Bg7 48.Ke4 Bh8 49.g6 a3 50.Na2 Bb2
51.Bxa3  1-0

[Event "74th ch-GER"]
[Site "Saarbruecken GER"]
[Date "2002.11.27"]
[Round "6"]
[White "Jussupow,A"]
[Black "Gutman,L"]
[Result "1/2-1/2"]
[WhiteElo "2622"]
[BlackElo "2476"]

1.d4 Nf6 2.c4 g6 3.Nc3 d5 4.cxd5 Nxd5 5.e4 Nxc3 6.bxc3 Bg7 7.Bc4 c5 8.Ne2 Nc6
9.Be3 O-O 10.O-O cxd4 11.cxd4 Na5 12.Bd3 b6 13.Rc1 Bb7 14.Qd2 Qd6 15.Bh6 Bxh6
16.Qxh6 Nc6 17.d5 Ne5 18.Qd2 Rac8 19.Nd4 a6 20.Be2 Nd7 21.Qe3 Nc5 22.Bg4 Rcd8
23.Rfe1 f5 24.exf5 Qxd5 25.Nf3 gxf5 26.Qg5+ Kh8 27.Rxe7 Qg8 28.Bh5 Bxf3 29.Qxg8+ Kxg8
30.Bxf3 Rf7 31.Re2 Kf8 32.g3 Re7 33.Rec2 Re5 34.Kf1 Ke7 35.Rb1  1/2-1/2

[Event "33rd NCC"]
[Site "Philadelphia USA"]
[Date "2002.11.30"]
[Round "4"]
[White "Belcher,N"]
[Black "Mirabile,T"]
[Result "1/2-1/2"]
[WhiteElo "2111"]
[BlackElo "2262"]

1.d4 Nf6 2.c4 g6 3.Nc3 d5 4.cxd5 Nxd5 5.e4 Nxc3 6.bxc3 Bg7 7.Be3 c5 8.Qd2 Qa5
9.Rd1 O-O 10.Bc4 Nc6 11.Ne2 cxd4 12.cxd4 Qxd2+ 13.Rxd2 Na5 14.Bb3 Bd7 15.O-O Rfc8
16.f3 Bb5 17.Kf2 Nxb3 18.axb3 a5 19.Ra1 e6 20.Raa2 Bf8 21.Rdc2 Bd3 22.Rd2 Bxe2
23.Kxe2 b5 24.d5 Bb4 25.Rd3 exd5 26.Rxd5 Rcb8 27.Bd2 Bxd2 28.Kxd2 a4 29.bxa4 bxa4
30.Rd4 Rb1 31.Kc2 Rg1 32.Kc3 a3 33.Rd3 Rxg2 34.Rxg2 a2 35.Rd1 a1=Q+ 36.Rxa1 Rxa1
37.Kd4  1/2-1/2

[Event "Los Inmortales IV"]
[Site "Santo Domingo DOM"]
[Date "2002.12.02"]
[Round "6"]
[White "Volkov,S"]
[Black "Oratovsky,M"]
[Result "1-0"]
[WhiteElo "2642"]
[BlackElo "2567"]

1.d4 Nf6 2.c4 g6 3.Nc3 d5 4.cxd5 Nxd5 5.e4 Nxc3 6.bxc3 Bg7 7.Qa4+ Nd7 8.Nf3 O-O
9.Bg5 c5 10.Rb1 a6 11.Qa3 Qc7 12.Bd3 e5 13.O-O Re8 14.Rfc1 c4 15.Bc2 Bf8
16.Qb2 b5 17.Re1 f6 18.Be3 Rb8 19.Qc1 Bb7 20.h4 Bd6 21.h5 exd4 22.Bxd4 Bf4
23.Qd1 Ne5 24.g3 Bh6 25.a4 Bc6 26.axb5 axb5 27.Nh4 Rbd8 28.hxg6 hxg6 29.Qe2 Qh7
30.Rbd1 Bg5 31.Nf3 Bh6 32.Bxe5 Rxd1 33.Qxd1 fxe5 34.Qd6 Bd7 35.Nxe5 Be6 36.Qc6 Bf7
37.Qxb5 Bd2 38.Rd1 Bxc3 39.Nxc4 Rf8 40.Nd6  1-0

[Event "ch-POL sf"]
[Site "Lubniewice POL"]
[Date "2002.12.08"]
[Round "9"]
[White "Murdzia,P"]
[Black "Bobras,P"]
[Result "1/2-1/2"]
[WhiteElo "2418"]
[BlackElo "2441"]

1.d4 Nf6 2.c4 g6 3.Nc3 d5 4.cxd5 Nxd5 5.e4 Nxc3 6.bxc3 Bg7 7.Bb5+ c6 8.Ba4 O-O
9.Ne2 b5 10.Bb3 Bb7 11.O-O Nd7 12.Be3 e6 13.f3 a5 14.Qd2 Nb6 15.Bh6 a4 16.Bc2 Nc4
17.Qc1 c5 18.Bxg7 Kxg7 19.Bd3 cxd4 20.Bxc4 bxc4 21.cxd4 c3 22.Qxc3 Ba6 23.Rfe1 Rc8
24.Qd2 Bxe2 25.Rxe2 Rc2 26.Qxc2 Qxd4+ 27.Kf1 Qxa1+ 28.Re1 Qe5 29.Qxa4 Qxh2
30.Qd4+ e5 31.Qg1 Qxg1+ 32.Kxg1 Ra8 33.Re2 Ra3 34.Kf2 Kf6 35.Rb2 Kg5 36.Rb7 Rxa2+
37.Kg3 Kf6 38.Rb6+ Kg7 39.Rb5 f6 40.Rb7+ Kh6 41.Rf7 Ra6 42.Kg4 Rb6 43.Re7 Rb4
44.Kh3 g5 45.g4 Kg6 46.Re6 Rb1 47.Kg2 Rb8 48.Ra6 Rh8 49.Kg3 h6 50.Rb6 h5
51.gxh5+ Rxh5 52.Ra6 Rh4 53.Ra8 Rf4 54.Rb8 Kg7 55.Rb7+ Kh6 56.Rb8 g4 57.fxg4 Rxe4
58.Rg8 Kh7 59.Rc8 Kg7 60.Rb8 Rf4 61.Ra8 Kf7 62.Ra6 Kg6 63.Ra8 Rd4 64.Rg8+ Kf7
65.Ra8 Rd3+ 66.Kf2 Ke6 67.Ra6+ Rd6 68.Ra5 Rd8 69.Ra7 Rd7 70.Ra6+ Kf7 71.Ra8 Rd3
72.Rb8 Ra3 73.Rc8 Kg7 74.Rb8 Rh3 75.Ra8 Rh8 76.Ra7+ Kg6 77.Kg3 Rb8 78.Kh4 Rb3
79.Rc7 Rf3 80.Rb7 Rc3 81.Ra7 Rc6 82.Kg3 Re6 83.Kf3 Re8 84.Rb7 Ra8 85.Kg3 Ra4
86.Re7 Rb4 87.Rc7 Rb3+ 88.Kh4 Rb8 89.Kg3 Rg8 90.Rb7 Rg7 91.Rb8 Rd7 92.Ra8 Kf7
93.Ra6 Ke7 94.Rb6 Rd6 95.Rb5 Ke6 96.Kf3 Rd3+ 97.Kf2 Rd6 98.Kf3 Ra6 99.Ke4 Ra4+
100.Kf3 Ra3+ 101.Kf2 Rd3 102.Rb6+ Rd6 103.Rb5 Rd2+ 104.Ke3 Rd1 105.Ke2 Rd4
106.Rb6+ Kf7 107.Rb7+ Kg6  1/2-1/2

[Event "10th Amitie"]
[Site "Bagneux FRA"]
[Date "2002.12.09"]
[Round "1"]
[White "Philippe,C"]
[Black "Zigura,O"]
[Result "0-1"]
[WhiteElo "2313"]
[BlackElo "2401"]

1.d4 Nf6 2.c4 g6 3.Nc3 d5 4.cxd5 Nxd5 5.e4 Nxc3 6.bxc3 Bg7 7.Nf3 b6 8.Bb5+ c6
9.Be2 O-O 10.O-O Na6 11.Be3 Nc7 12.Qd2 Bg4 13.Rad1 Bxf3 14.Bxf3 e5 15.Bh6 Qe7
16.Bxg7 Kxg7 17.g3 Rad8 18.Bg2 Ne6 19.Qe3 Qf6 20.d5 Nc5 21.c4 Qd6 22.f4 f6
23.Rf2 cxd5 24.cxd5 Rc8 25.Rc2 Nb7 26.Rdc1 Rxc2 27.Rxc2 Nc5 28.f5 Rf7 29.g4 Rc7
30.Qa3 Qe7 31.Rd2 Qd7 32.Qb4 Nb7 33.Qa3 Nd6 34.Rf2 Rc4 35.g5 fxg5 36.Qg3 Rc1+
37.Bf1 Nf7 38.fxg6 hxg6 39.Qf3 Qe7 40.d6 Nxd6 41.Qa3 Rc5 42.Qe3 Nb5 43.Bxb5 Rxb5
44.Kg2 Rb4 45.Rd2 Qf7 46.Qxg5 Rxe4 47.Rf2 Qe6 48.h3 Rd4 49.Rc2 Qd5+ 50.Kh2 Qd6
51.Qc1 Rd1 52.Qg5 Rd3 53.Kg2 e4 54.h4 e3 55.Kf3 Rd2 56.Rc4 Rf2+ 57.Ke4 Rf5
58.Qg1 Qd5+  0-1

[Event "XV Carlos Torre"]
[Site "Merida MEX"]
[Date "2002.12.18"]
[Round "6"]
[White "Tey,J"]
[Black "Culbeaux,T"]
[Result "0-1"]
[WhiteElo "2085"]
[BlackElo "2207"]

1.d4 Nf6 2.c4 g6 3.Nc3 d5 4.cxd5 Nxd5 5.e4 Nxc3 6.bxc3 Bg7 7.Bb5+ Bd7 8.Bd3 O-O
9.Ne2 c5 10.Be3 cxd4 11.cxd4 Nc6 12.O-O Nb4 13.Bc4 b5 14.Bb3 a5 15.Qd2 Nc6
16.Bh6 Bxh6 17.Qxh6 a4 18.Bd5 e6 19.Bxc6 Bxc6 20.f3 b4 21.Qe3 Bb5 22.Rf2 Qe7
23.Ng3 Rfc8 24.e5 Rc3 25.Qh6 Qf8 26.Qf4 Bc6 27.h4 Qg7 28.Rc1 Rxc1+ 29.Qxc1 Bd5
30.Ne4 Bxe4 31.fxe4 Rd8 32.Qd2 b3 33.axb3 axb3 34.Rf3 Qxe5 35.Rxb3 Qxe4 36.Rd3 Ra8
37.g3 h5 38.Kh2 e5 39.Re3 Qxd4 40.Qe2 Ra5  0-1

[Event "Harmonie"]
[Site "Groningen NED"]
[Date "2002.12.21"]
[Round "1"]
[White "Ernst,S"]
[Black "Nijboer,F"]
[Result "1/2-1/2"]
[WhiteElo "2497"]
[BlackElo "2556"]

1.d4 Nf6 2.c4 g6 3.Nc3 d5 4.cxd5 Nxd5 5.e4 Nxc3 6.bxc3 Bg7 7.Nf3 c5 8.Rb1 O-O
9.Be2 cxd4 10.cxd4 Qa5+ 11.Bd2 Qxa2 12.O-O b6 13.Qc1 Qe6 14.Bc4 Qxe4 15.Re1 Qb7
16.Bb4 Be6 17.Rxe6 fxe6 18.Ng5 Nc6 19.Qe3 Bf6 20.Nxe6 Kh8 21.Qe4 Qc8 22.Nxf8 Nxb4
23.Nxg6+ hxg6 24.Rxb4 Kg7 25.Qd5 Qe8 26.Bb5 Rc8 27.g3 Qf7 28.Qe4 a5 29.Rb1 Rd8
30.Rd1 Qd5 31.Qe2 Bxd4 32.Qxe7+ Qf7 33.Qxf7+ Kxf7 34.Kg2 g5 35.f4 gxf4 36.gxf4 Bf6
37.Rxd8  1/2-1/2

[Event "Open"]
[Site "Pamplona ESP"]
[Date "2002.12.22"]
[Round "2"]
[White "Ruiz Escobar,R"]
[Black "Alonso,S"]
[Result "0-1"]
[WhiteElo "2011"]
[BlackElo "2445"]

1.d4 Nf6 2.c4 g6 3.Nc3 d5 4.cxd5 Nxd5 5.e4 Nxc3 6.bxc3 Bg7 7.Bc4 O-O 8.Ne2 c5
9.O-O Nc6 10.Be3 Bd7 11.Rc1 Rc8 12.Qd2 Qa5 13.Qb2 Rc7 14.Bf4 e5 15.Bd2 exd4
16.cxd4 Qa4 17.Bf4 Nxd4 18.Nxd4 Bxd4 19.Qb1 b5 20.Bb3 Qa5 21.Bxc7 Qxc7 22.Qd3 Qb6
23.Bd5 Be6 24.Rcd1 Bxd5 25.exd5 Rd8 26.Qe4 Qd6 27.Qd3 a6 28.Qa3 b4 29.Qa5 Qxd5
30.Kh1 Re8 31.Rd2 Qc4 32.Rfd1 Re2 33.Qd8+ Kg7 34.Qh4 Rxd2  0-1

[Event "Open"]
[Site "Pamplona ESP"]
[Date "2002.12.24"]
[Round "5"]
[White "Cortes Bueno,JJ"]
[Black "Alvarez Ibarra,R"]
[Result "1/2-1/2"]
[WhiteElo "2302"]
[BlackElo "2425"]

1.c4 Nf6 2.Nc3 d5 3.d4 g6 4.cxd5 Nxd5 5.e4 Nxc3 6.bxc3 Bg7 7.Bc4 c5 8.Be3 Qa5
9.Qd2 O-O 10.Ne2 cxd4 11.cxd4 Nc6 12.Rd1 Bd7 13.d5 Qxd2+ 14.Rxd2 Na5 15.Bd3 Rfc8
16.Bd4 Nc4 17.Bxc4 Rxc4 18.Bxg7 Kxg7 19.Nd4 Rac8 20.Ke2 Ra4 21.Rb1 b6 22.f3 Kf6
23.Ke3 e5 24.Ne2 Ra3+ 25.Kf2 Ke7 26.Nc1 Kd6 27.Nd3 Rcc3 28.Nc1 f5 29.Ne2 Rc5
30.Ng3 f4 31.Ne2 Bb5 32.Rbb2 Ba4 33.Rb1 Bb5 34.Rbb2 Ba4 35.Rb1 g5 36.h4 gxh4
37.Rh1 Rc2 38.Rxc2 Bxc2 39.Nc1 Rc3 40.Rxh4 Ba4 41.Rh6+ Ke7 42.Rxh7+ Kf6 43.Rxa7 Rc2+
44.Ne2 Bb5 45.Rb7 Rxe2+  1/2-1/2

[Event "26th Christmas Open Masters"]
[Site "Zurich SUI"]
[Date "2002.12.26"]
[Round "1"]
[White "Duessel,U"]
[Black "Moor,R"]
[Result "0-1"]
[WhiteElo "2140"]
[BlackElo "2400"]

1.d4 Nf6 2.c4 g6 3.Nc3 d5 4.cxd5 Nxd5 5.e4 Nxc3 6.bxc3 Bg7 7.Bc4 O-O 8.Ne2 c5
9.O-O Nc6 10.Be3 Qc7 11.Rc1 Rd8 12.Qd2 a6 13.f4 b5 14.Bd3 e6 15.f5 exf5 16.exf5 cxd4
17.cxd4 Qd7 18.fxg6 hxg6 19.Bg5 Re8 20.Rxc6 Qxc6 21.Qf4 Bf5 22.Bxf5 Rxe2
23.Bh3 Qd5  0-1

[Event "32nd Rilton Cup"]
[Site "Stockholm SWE"]
[Date "2002.12.30"]
[Round "4"]
[White "Mertanen,J"]
[Black "Akesson,R"]
[Result "1-0"]
[WhiteElo "2241"]
[BlackElo "2440"]

1.d4 Nf6 2.c4 g6 3.Nc3 d5 4.cxd5 Nxd5 5.e4 Nxc3 6.bxc3 Bg7 7.Nf3 c5 8.h3 O-O
9.Be2 b6 10.O-O Bb7 11.Qd3 e6 12.Rd1 Nd7 13.Be3 Rc8 14.Rac1 Qc7 15.Qb1 h6
16.Bc4 Nf6 17.Bd3 Rfd8 18.Nd2 Nd7 19.e5 Bd5 20.Ne4 c4 21.Bc2 Rb8 22.h4 b5
23.h5 gxh5 24.Ng3 h4 25.Nh5 Qc6 26.Nf4 f5 27.Qb2 Kh7 28.Rb1 Rg8 29.Kh2 Bf8
30.Rg1 Be7 31.Qc1 Rg4 32.f3 Rg3 33.Nh5 Rbg8 34.Bf4 Bxf3 35.Nxg3 hxg3+ 36.Bxg3 Bd5
37.Qd2 Rg5 38.Rgf1 Nf8 39.Rf2 Ng6 40.Bd1 Be4 41.Bf3 Bxf3 42.Rxf3 Qd5 43.Qe2 Rg4
44.Rd1 Bg5 45.a4 bxa4 46.Ra1 h5 47.Kh1 h4 48.Bh2 Qb5 49.Qa2 Re4 50.Qxa4 Re1+
51.Bg1 Qxa4 52.Rxa4 Nf4 53.Kh2 Ne2 54.Bf2 Rc1 55.Rxc4 Bf4+ 56.Rxf4 Nxf4 57.Be3 Rf1
58.Bxf4 Rxf4 59.Rc7+ Kg6 60.Re7 Rf2 61.Rxe6+ Kg5 62.Ra6 f4 63.Rxa7 f3 64.Rg7+ Kh6
65.Rf7  1-0

[Event "26th Christmas Open Masters"]
[Site "Zurich SUI"]
[Date "2002.12.30"]
[Round "7"]
[White "Pedersen,NV"]
[Black "Tukmakov,V"]
[Result "0-1"]
[WhiteElo "2495"]
[BlackElo "2568"]

1.d4 Nf6 2.c4 g6 3.Nc3 d5 4.cxd5 Nxd5 5.e4 Nxc3 6.bxc3 Bg7 7.Nf3 c5 8.Be3 Qa5
9.Qd2 O-O 10.Rc1 Nc6 11.d5 Rd8 12.Bd3 Bg4 13.c4 Qxd2+ 14.Nxd2 b6 15.f4 Nb4
16.Bb1 Bb2 17.Kf2 Bxc1 18.Rxc1 Bd7 19.a3 Na6 20.e5 Rab8 21.Ne4 Bf5 22.Kf3 b5
23.g4 Bxe4+ 24.Bxe4 bxc4 25.Rxc4 Rb3 26.f5 Rxa3 27.Rc2 Rb8 28.d6 exd6 29.exd6 Rd8
30.Rd2 c4 31.Ke2 c3 32.Bg5 cxd2 33.Bxd8 Re3+  0-1

[Event "TCh-NOR Qualifier"]
[Site "NOR"]
[Date "2002.??.??"]
[Round "4"]
[White "Tallaksen,G"]
[Black "Byklum,B"]
[Result "1/2-1/2"]
[WhiteElo "2235"]
[BlackElo "2135"]

1.d4 Nf6 2.c4 g6 3.Nc3 d5 4.cxd5 Nxd5 5.e4 Nxc3 6.bxc3 Bg7 7.Be3 O-O 8.Qd2 e5
9.Rd1 exd4 10.cxd4 c5 11.dxc5 Qxd2+ 12.Bxd2 Be6 13.Bb5 Bxa2 14.Ne2 a6 15.Ba4 Bc4
16.Nf4 Nc6 17.Rc1 Ne5 18.Bc3 Rfd8 19.Bxe5 Bxe5 20.Rxc4 Bxf4 21.O-O Rac8 22.Rb4 Rc7
23.Rb6 Rd4 24.c6 Rxa4 25.cxb7 Rcc4 26.b8=Q+ Bxb8 27.Rxb8+ Kg7 28.e5 Re4 29.Re8 Re2
30.Rb8 Raa2 31.Rb3 Rxe5 32.Rf3 Re7 33.g3 a5 34.Rc1 Ra7 35.Rc6 a4 36.Rcc3 Ra1+
37.Kg2 a3 38.Rb3 a2 39.Ra3 Rb7 40.Ra6 h5 41.Rfa3 Rb2 42.h4 Re2 43.R3a4 Kf8
44.Ra7 Re7 45.Ra8+ Re8  1/2-1/2

[Event "32nd Rilton Cup"]
[Site "Stockholm SWE"]
[Date "2003.01.02"]
[Round "6"]
[White "Mertanen,J"]
[Black "Brendel,O"]
[Result "1/2-1/2"]
[WhiteElo "2241"]
[BlackElo "2378"]

1.d4 Nf6 2.c4 g6 3.Nc3 d5 4.cxd5 Nxd5 5.e4 Nxc3 6.bxc3 Bg7 7.Nf3 O-O 8.Be2 c5
9.h3 Nc6 10.Be3 cxd4 11.cxd4 Qa5+ 12.Bd2 Qa3 13.d5 Ne5 14.O-O Nxf3+ 15.Bxf3 Bxa1
16.Qxa1 f6 17.e5 fxe5 18.Qxe5 Qd6 19.Qd4 e5 20.Qe3 Bd7 21.Rb1 a5 22.Rb6 Rxf3
23.Rxd6 Rxe3  1/2-1/2

[Event "Troll Masters"]
[Site "Gausdal NOR"]
[Date "2003.01.08"]
[Round "2"]
[White "Nordahl,H"]
[Black "Berg,O"]
[Result "1-0"]
[WhiteElo "2303"]
[BlackElo "2065"]

1.d4 Nf6 2.c4 g6 3.Nc3 d5 4.cxd5 Nxd5 5.e4 Nxc3 6.bxc3 Bg7 7.Ba3 O-O 8.Nf3 b6
9.Bc4 Bb7 10.Qb3 Nc6 11.Qc2 Na5 12.Bd3 c5 13.dxc5 Rc8 14.O-O bxc5 15.Rab1 c4
16.Be2 Qd7 17.Rfe1 Ba8 18.Rbd1 Qc7 19.Nd4 Rfd8 20.Bf1 e6 21.Nb5 Qb8 22.Nd6 Rc6
23.e5 Qc7 24.Nb5 Qb8 25.Qa4 Ra6 26.Bd6 Qc8 27.Bc7 Rxd1 28.Rxd1 Nc6 29.Qxc4 Bb7
30.f4 h5 31.Be2 Bf8 32.Bd6 Bh6 33.a4 Ra5 34.Ba3 Ba6 35.Bb4 Rxa4 36.Qb3 Rxb4
37.cxb4 Bxf4 38.Nd6 Qb8 39.Bxa6 Qb6+ 40.Kh1 Bxe5 41.b5 Nd4 42.Qb4 Nc2 43.Qe4  1-0

[Event "Bundesliga 2002-3"]
[Site "Erfurt GER"]
[Date "2003.01.12"]
[Round "9"]
[White "Beliavsky,A"]
[Black "Svidler,P"]
[Result "1/2-1/2"]
[WhiteElo "2649"]
[BlackElo "2693"]

1.d4 Nf6 2.c4 g6 3.Nc3 d5 4.cxd5 Nxd5 5.e4 Nxc3 6.bxc3 Bg7 7.Bc4 c5 8.Ne2 Nc6
9.Be3 O-O 10.O-O Bd7 11.Rb1 a6 12.Bd3 cxd4 13.cxd4 b5 14.h3 Qa5 15.Qb3 Rac8
16.Rfd1 Rfd8 17.Rbc1  1/2-1/2

[Event "XXVIII"]
[Site "Seville ESP"]
[Date "2003.01.15"]
[Round "6"]
[White "Candela Perez,J"]
[Black "Nicholson,JG"]
[Result "1-0"]
[WhiteElo "2432"]
[BlackElo "2175"]

1.d4 Nf6 2.c4 g6 3.Nc3 d5 4.cxd5 Nxd5 5.e4 Nxc3 6.bxc3 Bg7 7.Be3 c5 8.Qd2 Qa5
9.Nf3 O-O 10.Rb1 a6 11.Rc1 Bg4 12.Be2 Bxf3 13.Bxf3 Nc6 14.d5 Ne5 15.Be2 c4
16.f4 Nd3+ 17.Bxd3 cxd3 18.c4 Qa4 19.O-O Rac8 20.Qxd3 Qxa2 21.Rc2 Qa4 22.Rb1 Qd7
23.e5 g5 24.Qe4 gxf4 25.Bxf4 e6 26.d6 b5 27.cxb5 axb5 28.Rbc1 Qa7+ 29.Kh1 Rxc2
30.Rxc2 f6 31.exf6 Qa1+ 32.Rc1 Qxf6 33.d7 Qe7 34.Rd1 Rd8 35.Qc6 e5 36.Be3  1-0

[Event "TCh-CZE 2002-3"]
[Site "Czech Rep CZE"]
[Date "2003.01.18"]
[Round "5"]
[White "Stocek,J"]
[Black "Navara,D"]
[Result "0-1"]
[WhiteElo "2563"]
[BlackElo "2580"]

1.d4 Nf6 2.c4 g6 3.Nc3 d5 4.cxd5 Nxd5 5.e4 Nxc3 6.bxc3 Bg7 7.Bb5+ c6 8.Ba4 O-O
9.Ne2 Nd7 10.O-O e5 11.Qc2 Qe7 12.Bb3 Rd8 13.a4 b6 14.Ba3 c5 15.f4 exd4 16.Nxd4 Bb7
17.Rae1 Nf6 18.e5 Ng4 19.h3 Nh6 20.f5 Qh4 21.f6 Bxf6 22.Ne6 Be7 23.Nxd8 Rxd8
24.Qa2 Rd3 25.Bxf7+ Kh8 26.Re2 Nf5 27.c4 Ng3 28.Ref2 Nxf1 29.e6 Ne3 30.Bb2+ Rd4
31.a5 Nd1 32.Bxd4+ Qxd4  0-1

[Event "Tch-SWE 2002-3"]
[Site "Sweden SWE"]
[Date "2003.01.18"]
[Round "6"]
[White "Andersson,M"]
[Black "Heinola,V"]
[Result "1-0"]
[WhiteElo "2328"]
[BlackElo "2193"]

1.d4 Nf6 2.c4 g6 3.Nc3 d5 4.cxd5 Nxd5 5.e4 Nxc3 6.bxc3 Bg7 7.Nf3 c5 8.Rb1 O-O
9.Be2 b6 10.O-O Bb7 11.Qd3 e6 12.Bf4 cxd4 13.cxd4 Nc6 14.d5 exd5 15.exd5 Ne7
16.d6 Nd5 17.Bg3 Rc8 18.Rbc1 Nc3 19.Bd1 Rc5 20.Bb3 Be4 21.Qd2 Bf5 22.Rfe1 Ne4
23.Qf4 g5 24.Qe3 Bc3 25.Rxc3 Nxc3 26.Nxg5 Bg6 27.Be5 Nd5 28.Qd2 Nf6 29.Bb2 h6
30.Nf3 Kh7 31.Qd4 Rf5 32.Nh4 Re8 33.Re3 Rc5 34.Nxg6 fxg6 35.h3 Rxe3 36.fxe3 Rf5
37.Be6  1-0

[Event "Brasil BCX"]
[Site "Brasilia BRA"]
[Date "2003.01.19"]
[Round "6"]
[White "Coelho,L"]
[Black "Neubauer,M"]
[Result "1/2-1/2"]
[WhiteElo "2392"]
[BlackElo "2420"]

1.d4 Nf6 2.c4 g6 3.Nc3 d5 4.cxd5 Nxd5 5.e4 Nxc3 6.bxc3 Bg7 7.Be3 c5 8.Qd2 Qa5
9.Rc1 cxd4 10.cxd4 Qxd2+ 11.Kxd2 O-O 12.Nf3 Nc6 13.d5 Rd8 14.Ke1 Nb4 15.Bd2 Na6
16.Bg5 Kf8 17.Nd2 Bd7 18.d6 f6 19.Bxa6 bxa6 20.dxe7+ Kxe7 21.Be3 Rac8 22.Ke2 Bb5+
23.Kf3 f5 24.exf5 gxf5 25.Bg5+ Bf6 26.Rhe1+ Kf7 27.Rxc8 Rxc8 28.Bxf6 Kxf6
29.Nb3 Bc6+ 30.Kf4 Bxg2 31.Rc1 Rxc1 32.Nxc1 Bd5 33.Ke3 Kg5 34.Kd4 Bf7 35.Ke5 Bc4
36.Kd4 Bb5 37.Ke5 h5 38.a3 Kg4 39.Nb3 f4 40.Nd4 f3 41.Ke4 Bf1 42.Ke3 Bg2
43.Ne6 h4 44.Nf4 a5 45.Ke4 Bf1 46.Ke3 Bg2 47.Ke4 a4 48.Ke3 Kf5 49.Nd3 Kg4
50.Nf4 Kf5 51.Nd3 Bf1 52.Ne1 Kg4 53.Nxf3 Kh3 54.Kf4 Bg2 55.Ng5+ Kxh2 56.Kg4 h3
57.f4 Bc6 58.f5  1/2-1/2

[Event "National I"]
[Site "Bischwiller FRA"]
[Date "2003.02.02"]
[Round "3"]
[White "Wagner,Cl"]
[Black "Spielmann,Al"]
[Result "0-1"]
[WhiteElo "2360"]
[BlackElo "2305"]

1.d4 Nf6 2.c4 g6 3.Nc3 d5 4.cxd5 Nxd5 5.e4 Nxc3 6.bxc3 Bg7 7.Ba3 O-O 8.Nf3 b6
9.Bc4 Bb7 10.O-O c5 11.Qe2 Nc6 12.Rad1 Qc7 13.Ba6 Na5 14.Bxb7 Qxb7 15.d5 Rfd8
16.c4 Qa6 17.Rc1 Rac8 18.Qd3 e6 19.Rc2 exd5 20.exd5 Nb7 21.Bc1 Nd6 22.Bf4 b5
23.cxb5 Qxb5 24.Qa3 Nf5 25.Rd1 c4 26.d6 c3 27.Qxa7 Nxd6 28.Bg5 Rd7 29.Qe3 Nf5
30.Qc1 h6 31.Bf4 g5 32.Rxd7 Qxd7 33.Be3 Nxe3 34.fxe3 Qd3 35.Ne1 Qe4 36.Re2 Rb8
37.Qc2 Qc4 38.Nd3 Rd8 39.Nc1 Rb8 40.Nd3 Kh8 41.Kf2 Rd8 42.Ne1 Qh4+ 43.Kf1 Qxh2
44.Qf5 Qg3 45.a4 Qd6 46.Qb5 Ra8 47.Rf2 Qe6 48.Nc2 Kg8 49.a5 Be5 50.Qc5 Qa6+
51.Kg1 Qxa5 52.Qe7 Qd5 53.Rf5 Bh2+ 54.Kxh2 Qxf5 55.Nd4 Qg4 56.Nf3 Ra2 57.Qe8+ Kg7
58.Qe5+ Kh7 59.Ne1 Qh4+  0-1

[Event "11th Aosta Open"]
[Site "Saint Vincent ITA"]
[Date "2003.02.09"]
[Round "2"]
[White "Naumkin,I"]
[Black "Korchnoi,V"]
[Result "0-1"]
[WhiteElo "2412"]
[BlackElo "2642"]

1.d4 Nf6 2.c4 g6 3.Nc3 d5 4.cxd5 Nxd5 5.e4 Nxc3 6.bxc3 Bg7 7.Bc4 c5 8.Ne2 O-O
9.O-O Nc6 10.Be3 Bd7 11.Rb1 Rc8 12.Qd2 e6 13.Rfd1 Na5 14.Bd3 Ba4 15.Rdc1 Qd7
16.e5 Nc6 17.Be4 b6 18.h4 Rfd8 19.Bg5 Nxe5 20.Bxd8 Rxd8 21.Qf4 Nc4 22.h5 e5
23.dxe5 Bxe5 24.Qh4 Nd2 25.Ra1 Re8 26.Bc2 Bb5 27.Ng3 Bc6 28.hxg6 hxg6 29.Re1 Qd5
30.Be4 Nxe4 31.Nxe4 Kg7 32.f3 Rh8 33.Qg5 Rh5 34.Qe3 Bh2+ 35.Kf2 Qe5 36.Rh1 f5
37.Nd2 Qg3+ 38.Kf1 Qd6 39.Re1 Kf6 40.Rxh2 Rxh2 41.Kf2 Rh4 42.Qe2 Bd5 43.a3 Bf7
44.Rd1 Qe7 45.Qd3 Kg7 46.Re1 Qf6 47.Nf1 Rh8 48.Qd7 Qxc3 49.Re7 Qb2+ 50.Kg1 Rf8
51.Qxa7 Qd4+ 52.Ne3 c4 53.Qc7 c3 54.f4 Kg8 55.Kh2 Qc5 56.Qxc5 bxc5 57.Rd7 Ra8
58.Rd3 Rxa3 59.Nc2 Rb3 60.Kg3 c4 61.Rd1 Kf8 62.Kf3 Ke7 63.g3 Rb2 64.Rc1 Bd5+
65.Ke3 Be4 66.Na3 c2 67.Nxc4 Rb3+  0-1

[Event "Aeroflot Open"]
[Site "Moscow RUS"]
[Date "2003.02.11"]
[Round "1"]
[White "Van Wely,L"]
[Black "Kovchan,A"]
[Result "1-0"]
[WhiteElo "2668"]
[BlackElo "2536"]

1.d4 Nf6 2.c4 g6 3.Nc3 d5 4.cxd5 Nxd5 5.e4 Nxc3 6.bxc3 Bg7 7.Bc4 c5 8.Ne2 O-O
9.O-O Nc6 10.Be3 Bg4 11.f3 Na5 12.Bd3 cxd4 13.cxd4 Be6 14.d5 Bxa1 15.Qxa1 f6
16.Bh6 Re8 17.Kh1 Bd7 18.e5 Rc8 19.Nf4 Nc4 20.e6 Ba4 21.Nxg6 hxg6 22.Bxg6 Ne5
23.Be4 Bc2 24.Bxc2 Rxc2 25.Qd1 Rc5 26.f4 Qxd5 27.Qh5 Rc2 28.Rg1 Qxe6 29.Qxe8+ Kh7
30.Qf8 Qg4 31.fxe5 Rc8 32.Qxe7+ Kxh6 33.exf6 Qg5 34.Qxb7 Rc1 35.Qxa7 Rxg1+
36.Qxg1 Qxf6 37.a4 Qc3 38.h3 Kg5 39.Qd1 Kh6 40.Qd6+ Kh7 41.Kh2 Qa5 42.Qf4 Kh8
43.h4 Kh7 44.Kh3 Qc3+ 45.Qf3 Qe1 46.g4 Qb4 47.a5 Qc4 48.h5 Kh8 49.Qf6+ Kh7
50.h6  1-0

[Event "Aeroflot Open"]
[Site "Moscow RUS"]
[Date "2003.02.14"]
[Round "4"]
[White "Alexandrova,O"]
[Black "Svidler,P"]
[Result "0-1"]
[WhiteElo "2462"]
[BlackElo "2693"]

1.d4 Nf6 2.c4 g6 3.Nc3 d5 4.cxd5 Nxd5 5.e4 Nxc3 6.bxc3 Bg7 7.Bc4 c5 8.Ne2 Nc6
9.Be3 O-O 10.O-O Bd7 11.Rb1 a6 12.dxc5 Na5 13.Bd5 Qc7 14.Bf4 Qc8 15.Qd2 Bb5
16.c4 Nxc4 17.Qb4 Ne5 18.Bxe5 Bxe5 19.Rfe1 Rb8 20.a4 Bc6 21.Bxc6 bxc6 22.Qc4 Rd8
23.Rb6 a5 24.Reb1 h5 25.Qb3 Qd7 26.Qc2 h4 27.h3 Bc7 28.Rxb8 Bxb8 29.Kf1 Ba7
30.f3 Qc7 31.Qc3 Rd7 32.Kf2 Qd8 33.Ke3 e6 34.Qe5 Rd3+ 35.Kf2 Qe7 36.Nd4 Qd7
37.Ne2 Ra3 38.Qg5 Rxa4 39.Ke1 Ra3 40.Nf4 Qd4 41.Ne2 Qxc5 42.Qxh4 g5 43.Qg3 Ra2
44.f4 Rxe2+ 45.Kxe2 Qc2+ 46.Kf3 Qd3+  0-1

[Event "TCh-CZE 2002-3"]
[Site "Czech Rep CZE"]
[Date "2003.02.16"]
[Round "7"]
[White "Bazant,P"]
[Black "Walek,M"]
[Result "1/2-1/2"]
[WhiteElo "2335"]
[BlackElo "2317"]

1.d4 Nf6 2.c4 g6 3.Nc3 d5 4.cxd5 Nxd5 5.e4 Nxc3 6.bxc3 Bg7 7.Be3 c5 8.Qd2 Qa5
9.Rc1 O-O 10.Nf3 Rd8 11.d5 e6 12.c4 Qxd2+ 13.Nxd2 b6 14.Be2 Na6 15.O-O  1/2-1/2

[Event "Open"]
[Site "Cappelle la Grande FRA"]
[Date "2003.02.23"]
[Round "2"]
[White "Komljenovic,D"]
[Black "Vorobiov,E"]
[Result "0-1"]
[WhiteElo "2431"]
[BlackElo "2541"]

1.c4 g6 2.d4 Nf6 3.Nc3 d5 4.cxd5 Nxd5 5.e4 Nxc3 6.bxc3 Bg7 7.Bc4 c5 8.Ne2 Nc6
9.Be3 O-O 10.O-O Bd7 11.Rc1 Rc8 12.Qd2 Qa5 13.d5 Ne5 14.Bb3 Qa6 15.c4 b5
16.Bh6 bxc4 17.Bxg7 Kxg7 18.Bc2 Nd3 19.Rb1 Rb8 20.Rfd1 Kg8 21.Nc3 Rxb1 22.Rxb1 Nb4
23.h3 Qa5 24.Bd1 Nxa2 25.Qxa2 Qxc3 26.Be2 Qe5 27.Qxc4 Rb8 28.Rxb8+ Qxb8 29.Qxc5 Qb1+
30.Kh2 Qxe4 31.Bf3 Qe5+ 32.g3 a6 33.h4 Qd6 34.Qa5 Bb5 35.Qd2 h5 36.Kg2 Kg7
37.Qc3+ Qf6 38.Qe1 Kg8 39.Qe3 Kf8 40.Qc5 Qe5 41.Qc1 Kg7 42.Qd2 Bc4 43.Kg1 Qa1+
44.Kh2 a5 45.Bxh5 a4 46.Bf3 a3 47.h5 Qf6 48.Be4 a2 49.hxg6 fxg6 50.Kg2 a1=Q  0-1